Międzynarodowa konferencja naukova "Śląskoznawcze deficyty badawcze nauk historycznych"

Titel: Międzynarodowa konferencja naukova "Śląskoznawcze deficyty badawcze nauk historycznych" : (Mezinárodní vědecká konference "Deficity historických věd v bádání o dějinách Slezska)
Verfasser:
In: Matice Moravská (Brünn): Časopis Matice Moravské, Band 127, Heft 1 (2008), Seite 264-266
alle Artikel anzeigen
Veröffentlicht: 2008
Format: Aufsatz
Sprache: Tschechisch
Kein Bild verfügbar
X
alg: 39305253
001A    $01999:11-11-16 
001B    $03025:18-06-24 $t13:27:30.000 
001C    $06050:19-11-16 $t09:01:36.000 
001D    $01999:11-11-16 
001U    $0utf8 
001X    $00 
002@    $0Aox 
003@    $0393052532 
007A    $0393052532 $aHEB 
007T    $0Herdpp129545 
010@    $acze 
011@    $a2008 
021A    $aMiędzynarodowa konferencja naukova "Śląskoznawcze deficyty badawcze nauk historycznych" $d(Mezinárodní vědecká konference "Deficity historických věd v bádání o dějinách Slezska) 
028A    $71061108805 $8Zářický, Aleš$Z1973- [Tp3] $9350073619 
031A    $d127 $e1 $h264-266 $j2008 
037A    $a[Wrocław, 25.-26.9.2007]  
039B    $aIn $8--Abvc--Matice Moravská$gBrünn [Tb1]. Časopis Matice Moravské. - Brno, 1869-. - ISSN 0323-052X $x200800001270001736 $9047461179 
045T    $a8 

lok: 39305253 78

exp: 39305253 78 1 #EPN
201B/01 $026-11-17 $t01:35:48.000 
201U/01 $0utf8 
203@/01 $0789162849 
208@/01 $a11-11-16 $be 
209A/01 $a/ $f000 $x00 
220C/01 $aHerkunft: Hú Av Čr Praha 
244Z/01 $2Trx $#Silesia $#Śląsk $#Sliezsko $#Slezsko $8--Trx--Schlesien $x01 $9391173987 
244Z/01 $#Tschechien $#Tschechische Republik $#Tschechische Republik $#Tschechenland $#Tschechei Tschechien $#Česká Republika $#Czech Republic $#ČR $74303381-7 $8--Tg1--Tschechien $x02 $9086659812 
244Z/01 $2Trx $#Böhmen $#Bohemia $#Czechy $8--Trx--Čechy $x03 $9391188941 
244Z/01 $2Trx $#Poola $#Lenkija $#Polija $#Polen Land $#Poland $#Lengyelország $#Poľsko $#Polsko $8--Trx--Polska$gkraj $x04 $9391345966 
244Z/01 $2Trx $#konverentsid, teaduslikud $#mokslinės konferencijos $#Conferences, scholarly $#konferenciák, tudományos $#konferencje naukowe $#konferencie, vedecké $#konference vědecké $#Tagungen $#obrady $#zasadania $8--Trx--Konferenzen, wissenschaftliche $x05 $9391373897 
244Z/01 $2Trx $#historiograafia, Sileesia $#Silezijos istoriografija $#historiography, Silesian $#történettudomány, sziléziai $#historiografia śląska $#historiografia sliezská $#historiografie slezská $#Forschungen, schlesienkundliche $#badania śląskoznawcze $8--Trx--Historiographie, schlesische $x06 $9391359797 
244Z/01 $2Trx $8--Trx--Zeitschriftenaufsatz $x07 $9391384341 
244Z/01 $2Trx $#tegevusaruanne $#veiklos ataskaitos $#progress reports $#tevékenységi beszámolók $#sprawozdania z działalności $#správy o činnosti $#zprávy o činnosti $8--Trx--Tätigkeitsberichte $x08 $9391354353 
244Z/01 $2Trx $#uuringute aruanne $#mokslinės ataskaitos $#Research reports $#kutatói beszámolók $#sprawozdania z badań $#správy výskumné $#zprávy výzkumné $#Literaturberichte $#správy literárne $8--Trx--Forschungsberichte $x09 $9391383523 
245Z/01 $a01.05 $x01 
247C/01 $82080>Marburg/Lahn, Herder-Institut, Forschungsbibliothek, Bibliographieportal $9336309341
LEADER 00000caa a22000002c 4500
001 393052532
003 DE-603
005 20240618132730.0
007 tu
008 161111s2008 xx |||| | u00||u|cze c
035 |a (DE-599)HEB393052532 
040 |a DE-603  |b ger  |c DE-603  |d DE-603 
041 |a cze 
084 |a 8  |2 ssgn 
100 1 |a Zářický, Aleš  |d 1973-  |0 (DE-603)350073619  |0 (DE-588)1061108805  |2 gnd 
245 0 0 |a Międzynarodowa konferencja naukova "Śląskoznawcze deficyty badawcze nauk historycznych"  |b (Mezinárodní vědecká konference "Deficity historických věd v bádání o dějinách Slezska) 
264 0 |c 2008 
500 |a [Wrocław, 25.-26.9.2007] <cze> 
773 0 8 |i In  |a Matice Moravská (Brünn)  |t Časopis Matice Moravské  |d Brno, 1869-  |x 0323-052X  |g Band 127, Heft 1 (2008), Seite 264-266  |w (DE-603)047461179  |w (DE-600)282647-1 
924 0 |9 2080  |a (DE-603)789162849  |b DE-2080  |c HES  |d d  |g /